000 00668nam a2200289Ia 4500
005 20260324141921.0
008 008 260324s9999 xx 000 0 eng d
020 _a9780203217399
037 _aEBOOK
040 _aCRL
040 _beng
040 _cCRL
041 _2eng
041 _aeng
084 _qCRL
100 _aCharles Winslow
_91210005
245 0 _aLebanon
245 0 _bWar and Politics in a Fragmented Society
260 _bTaylor and Francis
260 _c1996
365 _a
365 _b350
856 _uhttp://www.taylorfrancis.com/books/9780203217399
942 _cEBOOK
999 _c1813602
_d1813602